| 000 | 00746nam a22001935i 4500 | ||
|---|---|---|---|
| 001 | 160471 | ||
| 003 | ES-MaACL | ||
| 005 | 20250729081835.0 | ||
| 008 | 000710s1896 sp |||| | spa d | ||
| 040 |
_aCYL _bspa _cCYL |
||
| 100 | 1 |
_aDu Pouget, Jean, _d1818-1904 _9130379 |
|
| 245 | 1 | 3 |
_aLa evolución y el dogma / _cpor El Marqués de Nadaillac ; versión castellana de Rafael Alvarez Sereix. |
| 260 |
_aMadrid : _b[s.n.], _c1896 ( _fImprenta de Ricardo Rojas) |
||
| 300 |
_a29 p. ; _c25 cm. |
||
| 650 | 7 |
_aEvolucionismo _2embne _912629 |
|
| 700 | 1 |
_aÁlvarez Sereix, Rafael, _d1856-1946 _920966 |
|
| 852 |
_aES-MaACL _jG-9539(6) _z-- Enc. hol. _q-- Falto de la cub. original _z-- Enc. en un vol. facticio |
||
| 999 |
_c160471 _d160471 |
||